Geography Quiz

Random Geography or World Quiz
Score 0/9 Timer 01:30
0 Plays Today
Country % Correct
United States
96.3%
Panama
35.7%
Marshall Islands
24.9%
El Salvador
23.7%
Ecuador
22.7%
Palau
21.6%
Micronesia
20.9%
Zimbabwe
18%
Timor-Leste
8.4%
Remove Ads.
Support Sporcle.
Get the best of Sporcle when you Go Orange. This ad-free experience offers more features, more stats, and more fun while also helping to support Sporcle. Thank you for becoming a member.

You're not logged in!

Compare scores with friends on all Sporcle quizzes.
OR
Log In

Sporcle TV

Today on Sporcle TV


Watch our educational content, quiz creation guides, and fun videos on Sporcle TV.

Show Comments

Extras

Top Quizzes Today


Score Distribution

Paid Content

Your Account Isn't Verified!

In order to create a playlist on Sporcle, you need to verify the email address you used during registration. Go to your Sporcle Settings to finish the process.

Report this User

Report this user for behavior that violates our Community Guidelines.

Details: